[Event "Montreal Mercredi 09"]
[Site "Montreal CAN"]
[Date "2008.09.24"]
[Round "4"]
[White "Giroux, Robert"]
[Black "Le Duin, Thierry"]
[Result "1/2-1/2"]
[WhiteElo "1930"]
[BlackElo "1967"]
[PlyCount "105"]
[GameId "2160767910328221"]
[EventDate "2008.09.03"]
[EventType "tourn"]
[EventRounds "5"]
[EventCountry "CAN"]
[SourceTitle "EXT 2011"]
[Source "ChessBase"]
[SourceDate "2011.11.26"]
[SourceVersion "1"]
[SourceVersionDate "2011.11.26"]
[SourceQuality "1"]

1. e4 d5 2. Nf3 dxe4 3. Ng5 Bf5 4. Nc3 Nf6 5. Bc4 e6 6. f3 Qd4 7. Bb3 Bc5 8. Qe2 exf3 9. Nxf3 Qb4 10. a3 Qb6 11. Na4 Qa5 12. Nxc5 Qxc5 13. d4 Qc6 14. O-O O-O 15. Bf4 Nbd7 16. Kh1 Rac8 17. Rad1 Bg4 18. h3 Bh5 19. Bc4 Qe4 20. Qd2 c5 21. Rde1 Qc6 22. Ne5 Nxe5 23. Bxe5 cxd4 24. Bd3 Ne8 25. Bxd4 Bg6 26. Bxg6 hxg6 27. c3 Nd6 28. Bxa7 b6 29. Qf2 Nc4 30. b3 Nxa3 31. Bxb6 Qxc3 32. Bd4 Qb4 33. Re4 Nb5 34. Rh4 Nxd4 35. Rxd4 Qxb3 36. Rd7 e5 37. Qa7 Rce8 38. Qa6 e4 39. Qc6 Qe6 40. Rd6 Qb3 41. Rd7 Re6 42. Qc7 Rf6 43. Re1 e3 44. Rd8 Rxd8 45. Qxd8+ Kh7 46. Qe8 Qe6 47. Qd8 e2 48. Qd3 Rf2 49. Kg1 Qb6 50. Kh1 Qc6 51. Qg3 Rf1+ 52. Kh2 Rxe1 53. Qh4+ 1/2-1/2

[Event "Montreal Mercredi 09"]
[Site "Montreal CAN"]
[Date "2008.09.24"]
[Round "4"]
[White "Messier, Samuel"]
[Black "Boyer, Eric"]
[Result "1/2-1/2"]
[WhiteElo "1608"]
[BlackElo "1585"]
[PlyCount "51"]
[GameId "2160767910328222"]
[EventDate "2008.09.03"]
[EventType "tourn"]
[EventRounds "5"]
[EventCountry "CAN"]
[SourceTitle "EXT 2011"]
[Source "ChessBase"]
[SourceDate "2011.11.26"]
[SourceVersion "1"]
[SourceVersionDate "2011.11.26"]
[SourceQuality "1"]

1. e4 e5 2. Nf3 Nf6 3. Nxe5 d6 4. Nf3 Nxe4 5. d4 d5 6. Bd3 Bd6 7. O-O O-O 8. c4 Bf5 9. Nc3 Nxc3 10. bxc3 Bxd3 11. Qxd3 dxc4 12. Qxc4 h6 13. Qb3 b6 14. c4 Nd7 15. Re1 Qf6 16. Bb2 Rfe8 17. Qb5 Red8 18. d5 Qf4 19. Bd4 g5 20. Re3 Bc5 21. Bxc5 Nxc5 22. Rae1 a6 23. Qc6 Qd6 24. Re8+ Rxe8 25. Rxe8+ Rxe8 26. Qxe8+ 1/2-1/2

[Event "Montreal Mercredi 09"]
[Site "Montreal CAN"]
[Date "2008.09.24"]
[Round "4"]
[White "Plante, Michel"]
[Black "Panayotov, Ivo"]
[Result "1/2-1/2"]
[WhiteElo "1983"]
[BlackElo "1963"]
[PlyCount "115"]
[GameId "2160767910328223"]
[EventDate "2008.09.03"]
[EventType "tourn"]
[EventRounds "5"]
[EventCountry "CAN"]
[SourceTitle "EXT 2011"]
[Source "ChessBase"]
[SourceDate "2011.11.26"]
[SourceVersion "1"]
[SourceVersionDate "2011.11.26"]
[SourceQuality "1"]

1. d4 Nf6 2. Nf3 g6 3. e3 Bg7 4. b4 O-O 5. Bb2 d5 6. Nbd2 Bf5 7. Be2 c6 8. O-O Ne4 9. c4 Nd7 10. a4 Nxd2 11. Nxd2 Nf6 12. b5 Ne4 13. Nxe4 Bxe4 14. Bd3 Bxd3 15. Qxd3 c5 16. Rfd1 Rc8 17. cxd5 Qxd5 18. Qa3 Qf5 19. dxc5 Bxb2 20. Qxb2 Rxc5 21. Rac1 Rfc8 22. Rxc5 Qxc5 23. h3 e5 24. Rd7 Qc1+ 25. Qxc1 Rxc1+ 26. Kh2 Ra1 27. Rxb7 Rxa4 28. Re7 Ra5 29. Rxe5 Kf8 30. Rc5 Kg7 31. Rc7 Rxb5 32. Rxa7 h5 33. h4 Rb4 34. g3 Kf6 35. Ra5 Rc4 36. Kg2 Ke6 37. Rg5 Rb4 38. Kf3 Rb3 39. Kf4 Ra3 40. f3 Kf6 41. g4 hxg4 42. fxg4 Ra4+ 43. e4 Rb4 44. Ra5 Rc4 45. g5+ Ke6 46. Ra6+ Ke7 47. h5 gxh5 48. Rh6 Ra4 49. Rxh5 Ra5 50. Rh7 Kf8 51. Rh8+ Kg7 52. Rd8 f6 53. Rd5 Rxd5 54. exd5 fxg5+ 55. Kxg5 Kf7 56. Kf5 Ke7 57. Ke5 Kd7 58. d6 1/2-1/2

[Event "Montreal Mercredi 09"]
[Site "Montreal CAN"]
[Date "2008.09.24"]
[Round "4"]
[White "Sonko, Babacar"]
[Black "Gauthier, Denis"]
[Result "1-0"]
[WhiteElo "1855"]
[BlackElo "1891"]
[PlyCount "48"]
[GameId "2160767910328224"]
[EventDate "2008.09.03"]
[EventType "tourn"]
[EventRounds "5"]
[EventCountry "CAN"]
[SourceTitle "EXT 2011"]
[Source "ChessBase"]
[SourceDate "2011.11.26"]
[SourceVersion "1"]
[SourceVersionDate "2011.11.26"]
[SourceQuality "1"]

1. e4 c5 2. Nf3 Nc6 3. Bc4 e6 4. d4 cxd4 5. Nxd4 Nf6 6. Nc3 a6 7. O-O Qc7 8. Bb3 Be7 9. Be3 O-O 10. f4 d6 11. Qf3 Na5 12. Rac1 Bd7 13. g4 b5 14. g5 Ne8 15. f5 Nxb3 16. Nxb3 Qb7 17. Qg4 Kh8 18. Rf3 b4 19. Ne2 e5 20. Rh3 g6 21. Rh6 Ng7 22. Qh4 Nh5 23. Ng3 Rg8 24. Nxh5 gxh5 1-0

[Event "Montreal Mercredi 09"]
[Site "Montreal CAN"]
[Date "2008.09.24"]
[Round "4"]
[White "Tremblay, Sigfrid"]
[Black "Lamouche, Andre"]
[Result "1-0"]
[WhiteElo "1788"]
[BlackElo "1752"]
[PlyCount "45"]
[GameId "2160767910328225"]
[EventDate "2008.09.03"]
[EventType "tourn"]
[EventRounds "5"]
[EventCountry "CAN"]
[SourceTitle "EXT 2011"]
[Source "ChessBase"]
[SourceDate "2011.11.26"]
[SourceVersion "1"]
[SourceVersionDate "2011.11.26"]
[SourceQuality "1"]

1. e4 c5 2. Nc3 d6 3. g3 Nc6 4. Bg2 Nf6 5. d3 g6 6. h3 Bg7 7. Be3 e6 8. Qd2 h5 9. Nge2 Bd7 10. O-O Qa5 11. f4 O-O-O 12. a3 d5 13. b4 cxb4 14. axb4 Qxb4 15. Rfb1 Qe7 16. e5 Ne8 17. Bxa7 Nxa7 18. Qe3 Nc6 19. Qb6 Na5 20. Rxa5 Bc6 21. Nb5 Bxb5 22. Ra8+ Kd7 23. Qxb5+ 1-0

[Event "Montreal Mercredi 09"]
[Site "Montreal CAN"]
[Date "2008.10.01"]
[Round "5"]
[White "Boyer, Eric"]
[Black "Gauthier, Luc"]
[Result "1-0"]
[WhiteElo "1585"]
[BlackElo "1684"]
[PlyCount "65"]
[GameId "2160767910328226"]
[EventDate "2008.09.03"]
[EventType "tourn"]
[EventRounds "5"]
[EventCountry "CAN"]
[SourceTitle "EXT 2011"]
[Source "ChessBase"]
[SourceDate "2011.11.26"]
[SourceVersion "1"]
[SourceVersionDate "2011.11.26"]
[SourceQuality "1"]

1. Nf3 f5 2. d4 Nf6 3. c4 e6 4. g3 Be7 5. Bg2 O-O 6. O-O d6 7. b3 Ne4 8. Bb2 Qe8 9. Nfd2 d5 10. f3 Nxd2 11. Nxd2 c6 12. e4 fxe4 13. fxe4 Nd7 14. exd5 cxd5 15. cxd5 exd5 16. Bxd5+ Kh8 17. Qc2 Nf6 18. Bg2 Bd6 19. Ne4 Ng4 20. Qd2 Qg6 21. Nxd6 Qxd6 22. Rxf8+ Qxf8 23. Rf1 Qe7 24. Re1 Qf8 25. Ba3 Qd8 26. Rf1 Nf6 27. Re1 Qb6 28. Bc5 Qb5 29. Qe2 Qxe2 30. Rxe2 Bg4 31. Re7 Nd7 32. Bxb7 Rf8 33. Rxd7 1-0

[Event "Montreal Mercredi 09"]
[Site "Montreal CAN"]
[Date "2008.10.01"]
[Round "5"]
[White "Gauthier, Denis"]
[Black "Cote, Philippe"]
[Result "0-1"]
[WhiteElo "1891"]
[BlackElo "1717"]
[PlyCount "58"]
[GameId "2160767910328227"]
[EventDate "2008.09.03"]
[EventType "tourn"]
[EventRounds "5"]
[EventCountry "CAN"]
[SourceTitle "EXT 2011"]
[Source "ChessBase"]
[SourceDate "2011.11.26"]
[SourceVersion "1"]
[SourceVersionDate "2011.11.26"]
[SourceQuality "1"]

1. d4 g6 2. c4 Bg7 3. Nc3 d6 4. Nf3 Nf6 5. Bf4 O-O 6. h3 Nbd7 7. e3 Re8 8. Be2 e5 9. dxe5 dxe5 10. Nxe5 c6 11. O-O Qa5 12. Nxd7 Nxd7 13. Qc2 Nc5 14. f3 Ne6 15. Bd6 Ng5 16. e4 Nxh3+ 17. gxh3 Bxh3 18. f4 Bxf1 19. Rxf1 Rad8 20. b4 Qa3 21. e5 Rxd6 22. exd6 Qxc3 23. Qxc3 Bxc3 24. d7 Rd8 25. Rd1 Bxb4 26. Kg2 Be7 27. Kf3 f5 28. Rd3 Kf7 29. Bd1 Bc5 0-1

[Event "Montreal Mercredi 09"]
[Site "Montreal CAN"]
[Date "2008.10.01"]
[Round "5"]
[White "Germain, Max"]
[Black "Rainton, Jean-Pierre"]
[Result "1/2-1/2"]
[WhiteElo "1582"]
[BlackElo "1702"]
[PlyCount "83"]
[GameId "2160767910328228"]
[EventDate "2008.09.03"]
[EventType "tourn"]
[EventRounds "5"]
[EventCountry "CAN"]
[SourceTitle "EXT 2011"]
[Source "ChessBase"]
[SourceDate "2011.11.26"]
[SourceVersion "1"]
[SourceVersionDate "2011.11.26"]
[SourceQuality "1"]

1. d4 d5 2. c4 c6 3. Nc3 Nf6 4. e3 Bf5 5. Bd3 Bxd3 6. Qxd3 e6 7. cxd5 cxd5 8. Nf3 Nc6 9. a3 Bd6 10. Nb5 Bb8 11. b4 O-O 12. Bb2 Ne4 13. Nc3 Nd6 14. Nd2 Ne7 15. O-O Nec8 16. a4 Nb6 17. Rac1 Nbc4 18. Ba1 Nxd2 19. Qxd2 Nc4 20. Qe2 Qd6 21. f4 Qxb4 22. Rb1 Qe7 23. e4 b6 24. exd5 Nd6 25. Rbe1 Qf6 26. Qe5 exd5 27. Qxf6 gxf6 28. Nxd5 Kg7 29. Ne7 Re8 30. d5 Bc7 31. Rf3 Kf8 32. Bxf6 Nf5 33. Rc1 Nxe7 34. Rxc7 Nxd5 35. Rc6 Nxf6 36. Rxf6 Re4 37. Rh6 Kg7 38. Rd6 Rxa4 39. f5 f6 40. Rd7+ Kg8 41. Rh3 Re8 42. Rhxh7 1/2-1/2

[Event "Montreal Mercredi 09"]
[Site "Montreal CAN"]
[Date "2008.10.01"]
[Round "5"]
[White "Le Duin, Thierry"]
[Black "Plante, Michel"]
[Result "1-0"]
[WhiteElo "1967"]
[BlackElo "1983"]
[PlyCount "69"]
[GameId "2160767910328229"]
[EventDate "2008.09.03"]
[EventType "tourn"]
[EventRounds "5"]
[EventCountry "CAN"]
[SourceTitle "EXT 2011"]
[Source "ChessBase"]
[SourceDate "2011.11.26"]
[SourceVersion "1"]
[SourceVersionDate "2011.11.26"]
[SourceQuality "1"]

1. d4 g6 2. c4 d6 3. Nc3 Bg7 4. e4 Nc6 5. Be3 e5 6. d5 Nce7 7. Bd3 f5 8. f3 Nf6 9. Nge2 O-O 10. O-O f4 11. Bf2 g5 12. c5 g4 13. cxd6 cxd6 14. Rc1 gxf3 15. gxf3 Bh3 16. Kh1 Bxf1 17. Qxf1 Ne8 18. Qg1 a6 19. Na4 Rc8 20. Nec3 Rf6 21. Nb6 Rg6 22. Qe1 Rc7 23. Bf1 Rh6 24. a4 Bf6 25. a5 Nc8 26. Rc2 Bh4 27. Bxh4 Rxh4 28. Rg2+ Rg7 29. Rxg7+ Nxg7 30. Nxc8 Rh6 31. Nb6 Qg5 32. Qf2 Nh5 33. Qg2 Ng3+ 34. Kg1 Kh8 35. Nc4 1-0

[Event "Montreal Mercredi 09"]
[Site "Montreal CAN"]
[Date "2008.10.01"]
[Round "5"]
[White "Levkovsky, Alexandre"]
[Black "Giroux, Robert"]
[Result "1-0"]
[WhiteElo "2169"]
[BlackElo "1930"]
[PlyCount "67"]
[GameId "2160767910328230"]
[EventDate "2008.09.03"]
[EventType "tourn"]
[EventRounds "5"]
[EventCountry "CAN"]
[SourceTitle "EXT 2011"]
[Source "ChessBase"]
[SourceDate "2011.11.26"]
[SourceVersion "1"]
[SourceVersionDate "2011.11.26"]
[SourceQuality "1"]

1. e4 e5 2. Nf3 Nc6 3. Bb5 a6 4. Ba4 Nf6 5. Qe2 d6 6. c3 Be7 7. h3 b5 8. Bc2 O-O 9. a4 bxa4 10. Rxa4 Rb8 11. d4 exd4 12. Nxd4 Nxd4 13. Rxd4 Nd7 14. O-O Bf6 15. Rdd1 a5 16. f4 Nc5 17. e5 Qe8 18. Bxh7+ Kxh7 19. Qh5+ Kg8 20. exf6 gxf6 21. Rf3 Ne6 22. Rg3+ Ng5 23. fxg5 Qe5 24. Qh4 f5 25. g6 fxg6 26. Rxg6+ Kf7 27. Qh7+ Ke8 28. Qxc7 Qc5+ 29. Qxc5 dxc5 30. Rc6 Bb7 31. Re6+ Kf7 32. Rb6 Ke8 33. Bf4 Rg8 34. g3 1-0

[Event "Montreal Mercredi 09"]
[Site "Montreal CAN"]
[Date "2008.10.01"]
[Round "5"]
[White "Poschmann, Jeremie"]
[Black "Tremblay, Sigfrid"]
[Result "1-0"]
[WhiteElo "1835"]
[BlackElo "1788"]
[PlyCount "31"]
[GameId "2160767910328232"]
[EventDate "2008.09.03"]
[EventType "tourn"]
[EventRounds "5"]
[EventCountry "CAN"]
[SourceTitle "EXT 2011"]
[Source "ChessBase"]
[SourceDate "2011.11.26"]
[SourceVersion "1"]
[SourceVersionDate "2011.11.26"]
[SourceQuality "1"]

1. d4 Nf6 2. c4 g6 3. Nc3 Bg7 4. e4 d6 5. f3 O-O 6. Be3 c5 7. dxc5 dxc5 8. Qxd8 Rxd8 9. Bxc5 Nc6 10. Rd1 Rxd1+ 11. Kxd1 Nd7 12. Be3 b6 13. a3 Nc5 14. f4 Bg4+ 15. Nf3 Rd8+ 16. Kc1 1-0

[Event "Montreal Mercredi 09"]
[Site "Montreal CAN"]
[Date "2008.10.01"]
[Round "5"]
[White "Serra, Luc"]
[Black "Messier, Samuel"]
[Result "1-0"]
[WhiteElo "1611"]
[BlackElo "1608"]
[PlyCount "59"]
[GameId "2160767910328233"]
[EventDate "2008.09.03"]
[EventType "tourn"]
[EventRounds "5"]
[EventCountry "CAN"]
[SourceTitle "EXT 2011"]
[Source "ChessBase"]
[SourceDate "2011.11.26"]
[SourceVersion "1"]
[SourceVersionDate "2011.11.26"]
[SourceQuality "1"]

1. e4 c6 2. d4 d5 3. f3 dxe4 4. fxe4 Nf6 5. e5 Bg4 6. Be2 Bxe2 7. Nxe2 Nd5 8. O-O e6 9. c4 Ne7 10. Ng3 c5 11. Qf3 Qxd4+ 12. Kh1 Nbc6 13. Qxf7+ Kd7 14. Nc3 Qxc4 15. Rd1+ Kc7 16. Bf4 Nd8 17. Qe8 Nec6 18. Qd7+ Kb6 19. Nge4 Be7 20. b3 Qb4 21. a3 Qa5 22. b4 Qa6 23. bxc5+ Ka5 24. Rab1 Rf8 25. Rb5+ Qxb5 26. Nxb5 Rxf4 27. Qd2+ Kxb5 28. Rb1+ Ka6 29. Qd3+ Ka5 30. Qb5# 1-0

[Event "Montreal Mercredi 10"]
[Site "Montreal CAN"]
[Date "2008.10.08"]
[Round "1"]
[White "Caceres Cortes, Julio"]
[Black "Brodie, Hugh"]
[Result "0-1"]
[WhiteElo "1930"]
[BlackElo "1825"]
[PlyCount "114"]
[GameId "2160767910311315"]
[EventDate "2008.10.08"]
[EventType "tourn"]
[EventRounds "5"]
[EventCountry "CAN"]
[SourceTitle "EXT 2011"]
[Source "ChessBase"]
[SourceDate "2011.11.26"]
[SourceVersion "1"]
[SourceVersionDate "2011.11.26"]
[SourceQuality "1"]

1. e4 c5 2. Nf3 Nc6 3. Bb5 g6 4. O-O Bg7 5. c3 Nf6 6. Re1 O-O 7. d4 cxd4 8. cxd4 d6 9. h3 a6 10. Bf1 e5 11. Nc3 Nh5 12. Bg5 Bf6 13. Be3 Bg7 14. dxe5 dxe5 15. Qxd8 Rxd8 16. Bb6 Rf8 17. Rad1 Nf4 18. Nd5 h6 19. Nc7 Rb8 20. Bc4 g5 21. Rd6 g4 22. hxg4 Bxg4 23. Nh4 Rbd8 24. Rxd8 Rxd8 25. f3 Bc8 26. Nd5 Re8 27. Ne3 Be6 28. Bxe6 Nxe6 29. Nhf5 Ned4 30. Nd6 Re7 31. Nd5 Rd7 32. Ne8 Kh8 33. Kf2 Nc2 34. Rc1 N2d4 35. Rh1 f5 36. Nxg7 Kxg7 37. Ne3 fxe4 38. fxe4 Rf7+ 39. Ke1 Rf4 40. Bc7 Rxe4 41. Kd2 Rf4 42. g4 Rf2+ 43. Kd3 Rxb2 44. Bxe5+ Nxe5+ 45. Kxd4 Nxg4 46. Kc3 Rxa2 47. Nxg4 Ra3+ 48. Kb4 Rf3 49. Nxh6 b6 50. Kc4 Rf6 51. Ng4 Rf4+ 52. Kd5 Rxg4 53. Ra1 a5 54. Kc6 Rb4 55. Ra2 Kf6 56. Ra1 Ke5 57. Ra2 Kd4 0-1

[Event "Montreal Mercredi 10"]
[Site "Montreal CAN"]
[Date "2008.10.08"]
[Round "1"]
[White "Chesnut, Walter"]
[Black "Serra, Luc"]
[Result "0-1"]
[WhiteElo "1550"]
[BlackElo "1607"]
[PlyCount "50"]
[GameId "2160767910311316"]
[EventDate "2008.10.08"]
[EventType "tourn"]
[EventRounds "5"]
[EventCountry "CAN"]
[SourceTitle "EXT 2011"]
[Source "ChessBase"]
[SourceDate "2011.11.26"]
[SourceVersion "1"]
[SourceVersionDate "2011.11.26"]
[SourceQuality "1"]

1. d4 d6 2. c4 e5 3. Nc3 exd4 4. Qxd4 Nc6 5. Qd1 Be6 6. b3 g6 7. Bb2 Bg7 8. Rb1 Nf6 9. e3 O-O 10. Nf3 Re8 11. Be2 Qe7 12. a3 Rad8 13. Nd4 Nxd4 14. Qxd4 a6 15. Nd5 Bxd5 16. cxd5 Nh5 17. Qd2 Bxb2 18. Qxb2 Qg5 19. Bf3 Nf6 20. h4 Qe5 21. O-O Nxd5 22. Qc2 c6 23. Rbd1 Nc7 24. a4 Ne6 25. Rd4 Nxd4 0-1

[Event "Montreal Mercredi 10"]
[Site "Montreal CAN"]
[Date "2008.10.08"]
[Round "1"]
[White "Cote, Philippe"]
[Black "Millette, Sylvain"]
[Result "1/2-1/2"]
[WhiteElo "1756"]
[BlackElo "1717"]
[PlyCount "75"]
[GameId "2160767910311317"]
[EventDate "2008.10.08"]
[EventType "tourn"]
[EventRounds "5"]
[EventCountry "CAN"]
[SourceTitle "EXT 2011"]
[Source "ChessBase"]
[SourceDate "2011.11.26"]
[SourceVersion "1"]
[SourceVersionDate "2011.11.26"]
[SourceQuality "1"]

1. Nc3 Nf6 2. d4 g6 3. e4 d6 4. h3 b6 5. Nf3 Bg7 6. Be3 Bb7 7. Bd3 Nbd7 8. Qd2 c5 9. d5 a6 10. a4 Qc7 11. Bc4 O-O 12. O-O Ne8 13. Bh6 Ne5 14. Nxe5 dxe5 15. Bxg7 Kxg7 16. Qe2 Nd6 17. Nd1 Qd7 18. Bd3 b5 19. c4 bxa4 20. Nc3 Qc7 21. Nxa4 Bc8 22. Qe3 Rb8 23. f4 exf4 24. Qxf4 Bd7 25. Nc3 Rxb2 26. e5 Nf5 27. Bxf5 Bxf5 28. d6 Qc6 29. Qg3 exd6 30. Rxf5 dxe5 31. Nd5 f6 32. Raf1 Qb7 33. Rxe5 Rxg2+ 34. Qxg2 fxe5 35. Rxf8 Kxf8 36. Qf2+ Kg8 37. Nf6+ Kg7 38. Ne8+ 1/2-1/2

[Event "Montreal Mercredi 10"]
[Site "Montreal CAN"]
[Date "2008.10.08"]
[Round "1"]
[White "Gauthier, Denis"]
[Black "Crezegut, Anthony"]
[Result "1-0"]
[WhiteElo "1832"]
[BlackElo "1870"]
[PlyCount "116"]
[GameId "2160767910311318"]
[EventDate "2008.10.08"]
[EventType "tourn"]
[EventRounds "5"]
[EventCountry "CAN"]
[SourceTitle "EXT 2011"]
[Source "ChessBase"]
[SourceDate "2011.11.26"]
[SourceVersion "1"]
[SourceVersionDate "2011.11.26"]
[SourceQuality "1"]

1. d4 d5 2. c4 c6 3. Nf3 Nf6 4. e3 e6 5. b3 Nbd7 6. Bd3 Bd6 7. Bb2 O-O 8. O-O b6 9. Nbd2 Bb7 10. Ne5 c5 11. f4 Ne4 12. Nxe4 dxe4 13. Be2 Nxe5 14. fxe5 Bc7 15. Qe1 Qg5 16. Rf4 cxd4 17. Bxd4 Bxe5 18. h4 Qh6 19. Bxe5 f6 20. Bc3 e5 21. Rf2 Qxe3 22. Bg4 Qg3 23. Be6+ Kh8 24. Rf1 Qxe1 25. Raxe1 Rad8 26. Bb4 Rfe8 27. Bf7 a5 28. Bxe8 axb4 29. Bb5 Rd4 30. Rd1 Kg8 31. Rxd4 exd4 32. Rd1 d3 33. Kf2 Bc8 34. Ke3 Bg4 35. Rf1 f5 36. Rf4 g6 37. Rxg4 fxg4 38. Bc6 Kf7 39. Bxe4 d2 40. Kxd2 Kf6 41. Ke3 Ke5 42. g3 Kf6 43. Kf4 h5 44. Bd5 Ke7 45. Kg5 Kd6 46. Kxg6 Ke5 47. Kxh5 Kd4 48. Kxg4 Kc3 49. h5 Kb2 50. Bc6 Kxa2 51. Ba4 Kb2 52. h6 Kc3 53. h7 Kd3 54. h8=Q Ke3 55. Qd8 Ke4 56. Bc6+ Ke3 57. Qd1 b5 58. cxb5 Kf2 1-0

[Event "Montreal Mercredi 10"]
[Site "Montreal CAN"]
[Date "2008.10.08"]
[Round "1"]
[White "Germain, Max"]
[Black "Landry, Martin"]
[Result "0-1"]
[WhiteElo "1644"]
[BlackElo "1581"]
[PlyCount "24"]
[GameId "2160767910311319"]
[EventDate "2008.10.08"]
[EventType "tourn"]
[EventRounds "5"]
[EventCountry "CAN"]
[SourceTitle "EXT 2011"]
[Source "ChessBase"]
[SourceDate "2011.11.26"]
[SourceVersion "1"]
[SourceVersionDate "2011.11.26"]
[SourceQuality "1"]

1. d4 Nf6 2. c4 e6 3. f3 d5 4. Bg5 Be7 5. e3 h6 6. Bh4 c6 7. a3 a5 8. Nc3 dxc4 9. Bxc4 Nd5 10. Bf2 b5 11. Be2 b4 12. Na4 Na6 0-1

[Event "Montreal Mercredi 10"]
[Site "Montreal CAN"]
[Date "2008.10.08"]
[Round "1"]
[White "Gilman, Arkadiy"]
[Black "Morin, Louis"]
[Result "1/2-1/2"]
[WhiteElo "2087"]
[BlackElo "1934"]
[PlyCount "54"]
[GameId "2160767910311320"]
[EventDate "2008.10.08"]
[EventType "tourn"]
[EventRounds "5"]
[EventCountry "CAN"]
[SourceTitle "EXT 2011"]
[Source "ChessBase"]
[SourceDate "2011.11.26"]
[SourceVersion "1"]
[SourceVersionDate "2011.11.26"]
[SourceQuality "1"]

1. d4 d5 2. c4 e6 3. Nc3 c5 4. e3 Nc6 5. Nf3 Nf6 6. cxd5 exd5 7. Bb5 a6 8. Ba4 b5 9. Bc2 Bd6 10. e4 dxe4 11. Nxe4 Nxe4 12. Bxe4 Bb7 13. O-O O-O 14. dxc5 Bxc5 15. Bxh7+ Kxh7 16. Qc2+ Kg8 17. Qxc5 Qf6 18. Qh5 Rfe8 19. Ng5 Ne5 20. Qh7+ Kf8 21. Qh3 Kg8 22. Be3 Rac8 23. Rac1 Nc4 24. Qh7+ Kf8 25. Qh8+ Ke7 26. Qh5 g6 27. Qe2 Qxb2 1/2-1/2

[Event "Montreal Mercredi 10"]
[Site "Montreal CAN"]
[Date "2008.10.08"]
[Round "1"]
[White "Giroux, Robert"]
[Black "Panayotov, Ivo"]
[Result "1/2-1/2"]
[WhiteElo "1972"]
[BlackElo "2001"]
[PlyCount "47"]
[GameId "2160767910311321"]
[EventDate "2008.10.08"]
[EventType "tourn"]
[EventRounds "5"]
[EventCountry "CAN"]
[SourceTitle "EXT 2011"]
[Source "ChessBase"]
[SourceDate "2011.11.26"]
[SourceVersion "1"]
[SourceVersionDate "2011.11.26"]
[SourceQuality "1"]

1. e4 e5 2. Nf3 d6 3. d4 Nf6 4. Nc3 Nbd7 5. g4 h6 6. g5 hxg5 7. Nxg5 Be7 8. Bc4 Rf8 9. Bxf7+ Rxf7 10. Ne6 exd4 11. Nxd8 dxc3 12. Nxf7 Kxf7 13. f4 Nc5 14. e5 Bg4 15. Qd4 dxe5 16. fxe5 Rd8 17. Qc4+ Be6 18. Qxc3 Nfe4 19. Qf3+ Kg8 20. Qh5 Bf7 21. Qg4 Be6 22. Qh5 Bf7 23. Qg4 Be6 24. Qh5 1/2-1/2

[Event "Montreal Mercredi 10"]
[Site "Montreal CAN"]
[Date "2008.10.08"]
[Round "1"]
[White "Lamouche, Andre"]
[Black "Pregent, Daniel"]
[Result "1-0"]
[WhiteElo "1715"]
[BlackElo "1737"]
[PlyCount "63"]
[GameId "2160767910311322"]
[EventDate "2008.10.08"]
[EventType "tourn"]
[EventRounds "5"]
[EventCountry "CAN"]
[SourceTitle "EXT 2011"]
[Source "ChessBase"]
[SourceDate "2011.11.26"]
[SourceVersion "1"]
[SourceVersionDate "2011.11.26"]
[SourceQuality "1"]

1. e4 e5 2. Nf3 Nc6 3. Bb5 a6 4. Ba4 d6 5. d4 b5 6. Bb3 exd4 7. a4 Bd7 8. O-O Ne5 9. Nxe5 dxe5 10. f4 exf4 11. Bxf4 c5 12. Bxf7+ Ke7 13. Bxg8 Qb6 14. Bg5+ Kd6 15. Bd5 Re8 16. a5 Qa7 17. Qf3 Kc7 18. Bf4+ Kc8 19. Nd2 Be7 20. e5 Ref8 21. Qg3 c4 22. e6 Be8 23. Ne4 Rf5 24. Qxg7 d3+ 25. Kh1 Rhf8 26. Nd6+ Kd8 27. Nxf5 Rxf5 28. Be4 Rxf4 29. Rxf4 Qc7 30. Raf1 d2 31. Qd4+ Kc8 32. Qxd2 1-0

[Event "Montreal Mercredi 10"]
[Site "Montreal CAN"]
[Date "2008.10.08"]
[Round "1"]
[White "Le Duin, Thierry"]
[Black "Plante, Michel"]
[Result "0-1"]
[WhiteElo "2020"]
[BlackElo "1980"]
[PlyCount "110"]
[GameId "2160767910311323"]
[EventDate "2008.10.08"]
[EventType "tourn"]
[EventRounds "5"]
[EventCountry "CAN"]
[SourceTitle "EXT 2011"]
[Source "ChessBase"]
[SourceDate "2011.11.26"]
[SourceVersion "1"]
[SourceVersionDate "2011.11.26"]
[SourceQuality "1"]

1. d4 d5 2. Nf3 e6 3. c3 Nd7 4. Bg5 Be7 5. Bxe7 Qxe7 6. e3 Ngf6 7. Nbd2 O-O 8. Bd3 e5 9. Nxe5 Nxe5 10. dxe5 Qxe5 11. O-O Bg4 12. Be2 Bxe2 13. Qxe2 Ne4 14. Rad1 c6 15. Nxe4 Qxe4 16. Rd4 Qe6 17. Rb4 b5 18. a4 a6 19. h3 f5 20. Qc2 Rf6 21. Ra1 Raf8 22. axb5 axb5 23. Rf4 g5 24. Rf3 Qe4 25. Qxe4 dxe4 26. Rg3 Rg6 27. Ra6 Rff6 28. Kf1 h5 29. h4 g4 30. Ra5 Rg7 31. c4 Rb7 32. f3 bxc4 33. fxe4 fxe4+ 34. Ke1 Rb5 35. Ra2 Rd6 36. Ra4 Rc5 37. Ra8+ Kf7 38. Ra7+ Ke6 39. Ra8 Re5 40. Ra4 Rc5 41. Ra8 Ke7 42. Ra7+ Rd7 43. Ra4 Kd8 44. Ra8+ Kc7 45. Ra4 Kb6 46. Rb4+ Ka5 47. Rb8 Re5 48. Rc8 Rd6 49. Rb8 Rd3 50. Rb7 Red5 51. Ra7+ Kb4 52. Ra1 Kb3 53. Kf2 Rd2+ 54. Kg1 Rd1+ 55. Rxd1 Rxd1+ 0-1

[Event "Montreal Mercredi 10"]
[Site "Montreal CAN"]
[Date "2008.10.08"]
[Round "1"]
[White "Sonko, Babacar"]
[Black "Poschmann, Jeremie"]
[Result "0-1"]
[WhiteElo "1897"]
[BlackElo "1859"]
[PlyCount "51"]
[GameId "2160767910311324"]
[EventDate "2008.10.08"]
[EventType "tourn"]
[EventRounds "5"]
[EventCountry "CAN"]
[SourceTitle "EXT 2011"]
[Source "ChessBase"]
[SourceDate "2011.11.26"]
[SourceVersion "1"]
[SourceVersionDate "2011.11.26"]
[SourceQuality "1"]

1. e4 e6 2. d4 d5 3. Nc3 Bb4 4. Bd3 dxe4 5. Bxe4 Nf6 6. Bd3 b6 7. Nge2 Bb7 8. O-O O-O 9. Bg5 Nbd7 10. Ne4 Be7 11. Bxf6 Nxf6 12. f3 Rc8 13. c3 Nd5 14. Qd2 f5 15. N4g3 c5 16. Kh1 c4 17. Bc2 Bd6 18. Rfe1 Qh4 19. Kg1 Rf6 20. Nf1 Rh6 21. Neg3 Rf8 22. Rad1 Nf4 23. Qf2 Rg6 24. Re3 Qg5 25. Rde1 h5 26. Kh1 0-1